| 000 | 00000nas 2200000za 4500 |
| 001 | 9.501222 |
| 003 | CaOODSP |
| 005 | 20250129103522 |
| 007 | cr ||||||||||| |
| 008 | 150406d20002004xxc|| p o||||f| |0fre|d |
| 022 | |a1495-5652 |
| 040 | |aCaOODSP|bfre |
| 043 | |an-cn--- |
| 086 | 1 |aEn58-16F-PDF |
| 110 | 2 |aService météorologique du Canada.|eauteur, |eorganisme de publication. |
| 245 | 10|aBulletin le CO2 et le climat / |h[ressource électronique]|c[Publié par] Évaluation scientifique et Intégration ... ([avec] concours financier du Groupe de recherche et de développement énergétiques). |
| 246 | 1 |iTitre de renvoi : |aLe CO2 et le climat bulletin |
| 260 | |aDownsview - Ontario : |bEnvironnement Canada. |
| 310 | |aIrrégulier |
| 362 | 1 |aParaît depuis printemps 2000; ne paraît plus après printemps 2004 |
| 500 | |a«Périodique de la recherche sur le changement climatique». Plusieurs livr. comportent un titre distinct. |
| 775 | 08|tCO2/ climate report / |w(CaOODSP)9.504817 |
| 776 | 0#|tBulletin Le CO2 et le climat / |w(CaOODSP)9.512667 |